Statistics for Lego Indiana Jones 2: The Adventure Continues (2009) Playable Characters

Click here to take the quiz!

General Stats

  • This quiz has been taken 136 times
    (16 since last reset)
  • The average score is 46 of 93

Answer Stats

Answer% Correct
Raiders of the Lost ArkStoryIndiana Jones
100%
Last CrusadeStoryIndiana Jones
100%
Kingdom of the Crystal Skull - Part 3StoryIndiana Jones (Crystal Skull)
100%
Kingdom of the Crystal Skull - Part 2StoryIndiana Jones (Crystal Skull)
100%
Kingdom of the Crystal Skull - Part 1StoryIndiana Jones (Crystal Skull)
100%
Temple of DoomStoryIndiana Jones (Dinner Suit)
100%
Raiders of the Lost ArkStudsEnemy Soldier (Desert)
88%
Last CrusadeStudsEnemy Soldier (Machine Gun)
88%
Last CrusadeStudsBazooka Trooper (Crusade)
75%
Raiders of the Lost ArkStudsBazooka Trooper (Raiders)
75%
Last CrusadeStoryHenry Jones
75%
Raiders of the Lost ArkStudsBelloq
63%
Last CrusadeStudsBrody
63%
Last CrusadeStudsDonovan
63%
Last CrusadeStoryElsa
63%
Raiders of the Lost ArkStudsEnemy Boxer
63%
Last CrusadeStudsEnemy Guard
63%
Raiders of the Lost ArkStudsEnemy Officer (Desert)
63%
Last CrusadeStudsEnemy Pilot
63%
Raiders of the Lost ArkStoryJock
63%
Kingdom of the Crystal Skull - Part 1StudsMannequin (Boy)
63%
Kingdom of the Crystal Skull - Part 1StudsMannequin (Girl)
63%
Kingdom of the Crystal Skull - Part 1StudsMannequin (Man)
63%
Kingdom of the Crystal Skull - Part 1StudsMannequin (Woman)
63%
Temple of DoomStudsMola Ram
63%
Kingdom of the Crystal Skull - Part 1StudsRussian Digger
63%
Kingdom of the Crystal Skull - Part 2StudsRussian Grenadier
63%
Kingdom of the Crystal Skull - Part 3StudsRussian Machine Gunner
63%
Kingdom of the Crystal Skull - Part 3StudsRussian Officer
63%
Kingdom of the Crystal Skull - Part 2StudsRussian Officer
63%
Kingdom of the Crystal Skull - Part 1StudsRussian (U.S. Disguise)
63%
Raiders of the Lost ArkStorySallah
63%
Last CrusadeStorySallah (Fez)
63%
Raiders of the Lost ArkStudsSherpa Brawler
63%
Kingdom of the Crystal Skull - Part 2StudsSoldier
63%
Kingdom of the Crystal Skull - Part 3StudsSoldier
63%
Raiders of the Lost ArkStudsBandit Swordsman
50%
Kingdom of the Crystal Skull - Part 1StudsGeneral Ross
50%
Last CrusadeStudsGrail Knight
50%
Last CrusadeStudsHatay King
50%
Raiders of the Lost ArkStudsHovitos Tribesman
50%
Kingdom of the Crystal Skull - Part 3StudsInterdimensional Being
50%
Kingdom of the Crystal Skull - Part 1StoryJanitor
50%
Temple of DoomStudsLao Che
50%
Kingdom of the Crystal Skull - Part 2StoryMac
50%
Kingdom of the Crystal Skull - Part 3StoryMac
50%
Kingdom of the Crystal Skull - Part 1StoryMac
50%
Kingdom of the Crystal Skull - Part 3StoryMutt
50%
Kingdom of the Crystal Skull - Part 2StoryMutt
50%
Kingdom of the Crystal Skull - Part 1StoryMutt
50%
Kingdom of the Crystal Skull - Part 3StoryOxley
50%
Kingdom of the Crystal Skull - Part 2StoryOxley
50%
Temple of DoomStoryShort Round
50%
Kingdom of the Crystal Skull - Part 3StudsAgent Spalko
38%
Kingdom of the Crystal Skull - Part 1StudsBrawler
38%
Kingdom of the Crystal Skull - Part 1StudsCollege Female
38%
Raiders of the Lost ArkStudsColonel Dietrich
38%
Last CrusadeStudsCoronado Sailor
38%
Kingdom of the Crystal Skull - Part 2StudsDovchenko
38%
Kingdom of the Crystal Skull - Part 1StudsHangar Guard
38%
Temple of DoomStudsIndian Farmer
38%
Last CrusadeStudsLibrarian
38%
Temple of DoomStoryMaharajah
38%
Raiders of the Lost ArkStudsMajor Toht
38%
Raiders of the Lost ArkStoryMarion
38%
Kingdom of the Crystal Skull - Part 3StoryMarion (Crystal Skull)
38%
Kingdom of the Crystal Skull - Part 2StoryMarion (Crystal Skull)
38%
Raiders of the Lost ArkStudsMasked Bandit
38%
Kingdom of the Crystal Skull - Part 2StudsPatient
38%
Raiders of the Lost ArkStudsSatipo
38%
Temple of DoomStudsThuggee
38%
Temple of DoomStudsThuggee Acolyte
38%
Kingdom of the Crystal Skull - Part 3StudsUgha King
38%
Kingdom of the Crystal Skull - Part 3StudsUgha Warrior
38%
Temple of DoomStoryWillie
38%
Temple of DoomStudsBritish Commander
25%
Raiders of the Lost ArkStudsCaptain Katanga
25%
Kingdom of the Crystal Skull - Part 2StudsCemetery Warrior
25%
Kingdom of the Crystal Skull - Part 2StudsCemetery Warrior King
25%
Last CrusadeStudsColonel Vogel
25%
Last CrusadeStudsPanama Hat Man
25%
Kingdom of the Crystal Skull - Part 2StudsPeru Nurse
25%
Temple of DoomStudsShanghai Hoodlum
25%
Kingdom of the Crystal Skull - Part 1StudsTaylor
25%
Kingdom of the Crystal Skull - Part 3StudsUgha Assassin
25%
Kingdom of the Crystal Skull - Part 3StudsUgha Digger
25%
Temple of DoomStudsVillage Elder
25%
Kingdom of the Crystal Skull - Part 1StudsAgent
13%
Temple of DoomStudsDancing Girl
13%
Kingdom of the Crystal Skull - Part 1StudsGreaser
13%
Kingdom of the Crystal Skull - Part 2StudsMarket Trader
13%
Temple of DoomStudsPankot Assassin
13%
Kingdom of the Crystal Skull - Part 1StudsStanforth
13%

Score Distribution

Percentile by Number Answered

Percent of People with Each Score

Your Score History

You have not taken this quiz since the last reset